| 000 | 01233cam a22002531i 4500 | ||
|---|---|---|---|
| 003 | SA-RiAUC | ||
| 005 | 20250515053842.0 | ||
| 008 | 250513s2004 su g f000 0cara c | ||
| 040 |
_aSA-JeALM _bara _cSA-RiAUC _erda |
||
| 082 | 0 | 4 |
_a239.9 _qSA-RiAUC |
| 090 |
_a239.9 _b ا ب ن س |
||
| 100 | 1 |
_aابن سعد، محمد بن سعد بن منيع، _d168-230 هجري _eمؤلف. |
|
| 245 | 1 | 2 |
_aالطبقات الكبرى : _bالقسم الثاني المتمم لتابعي أهل المدينة ومن بعدهم من ربع الطبقة الثالثة إلى منتصف الطبقة السادسة / _cلابن سعد ؛ دراسة وتحقيق زياد محمد منصور. |
| 250 | _aالطبعة الثانية. | ||
| 264 | 1 |
_aالمدينة المنورة : _bالجامعة الإسلامية، عمادة البحث العلمي، _c[2004] |
|
| 300 |
_a2 مجلد ؛ _c17 × 24 سم |
||
| 336 |
_aنص _btxt _2rdacontent _3كتاب |
||
| 337 |
_aبدون وسيط _bn _2rdamedia |
||
| 338 |
_aمجلد _bnc _2rdacarrier |
||
| 650 | 7 |
_aالصحابة والتابعون _vتراجم _2aucsh |
|
| 700 | 1 |
_aمنصور، زياد محمد _eمحقق. |
|
| 942 |
_2ddc _cBOOK _n0 |
||
| 949 |
_aSA-JeALM _d250513 _umohamedma123 _n1 |
||
| 999 |
_c7909 _d7909 |
||